000 002940000a22000970004500
100 1 _aGordon, Robert P.
245 1 0 _aThe variable wisdom of Abel : The MT and versions at 2 Samuel 20:18-19
300 _aVol. 43, Num. 2 (Abril, 1993), Páginas 215-226
773 0 _tVetus Testamentum
942 _cANA
999 _c57807
_d57807